Estadísticas para Top 10 Países Africanos por Línea Costera

Haz click aquí para intentar la prueba.

Estadísticas generales

  • Esta prueba ha sido intentada 3.369 veces
  • La puntuación promedio es 9 de 10

Estadísticas de respuestas

KilómetrosPaís% Correcto
2,798Sudáfrica
98%
1,835Marruecos
96%
2,450Egipto
94%
3,333Somalia
91%
1,600Angola
88%
4,828Madagascar
88%
2,470Mozambique
87%
1,770Libia
86%
1,572Namibia
85%
2,234Eritrea
49%

Distribución de puntuación

Porcentaje por número respondido

Porcentaje de gente con cada puntuación

Historial de tus puntuaciones

No has intentado esta prueba.